000 00652nam a22001817a 4500
003 OSt
005 20260129052058.0
008 260129b |||||||| |||| 00| 0 eng d
020 _a971-550-418-3
040 _aDWC-Main Lib.
_cOC
082 _aSC. 959.903 H741c 2002
100 _aHolt, Elizabeth Mary
245 _aColonizing Filipinas : ninteenth century representations
_bof the philippines in the Western Histotiography/
_cElizabeth Mary Holt
260 _aQuezon City:
_bAteneo de Manila University Press,
_cc2002.
300 _axii, 191 p. :
_bill. ;
_c22 cm.
500 _aIncludes notes, bibliography and index.
942 _2ddc
_cSC
_hSC.
_n0
999 _c7966
_d7966